Statistics for Nominations oscar best picture '50s

Click here to take the quiz!

General Stats

  • This quiz has been taken 473 times
  • The average score is 21 of 50

Answer Stats

HintDirector / ActorAnswer% Correct
1959Charlton HestonBen-Hur
85%
1955Ernest BorgnineMarty
85%
1950Bette DavisAll About Eve
84%
1954Elia KazanOn the Waterfront
84%
1953Burt LancasterFrom Here to Eternity
79%
1956James DeanGiant
79%
1950Gloria SwansonSunset Boulevard
79%
1951Gene KellyAn American in Paris
77%
1951Vivien LeightA Streetcar Named Desire
74%
1956Yul BrynnerThe King and I
74%
1958Vincente MinnelliGigi
69%
1952Gary CooperHigh Noon
69%
1956David NivenAround the World in 80 Days
62%
1957Sidney Lumet12 Angry Men
60%
1957David LeanThe Bridge on the River Kwai
59%
1958Paul NewmanCat on a Hot Tin Roof
56%
1952Betty HuttonThe Greatest Show on Earth
56%
1956Cecil B. DeMilleThe Ten Commandments
56%
1953Gregory PeckRoman Holiday
52%
1951Montgomery CliftA Place in the Sun
47%
1950Judy HollidayBorn Yesterday
46%
1955Anna MagnaniThe Rose Tattoo
45%
1958Rita HayworthSeparate Tables
41%
1954Grace KellyThe Country Girl
40%
1959Simone SignoretRoom at the Top
37%
1957Marlon BrandoSayonara
32%
1957Marlene DietrichWitness for the Prosecution
32%
1952John FordThe Quiet Man
30%
1958Sidney PoitierThe Defiant Ones
29%
1959Otto PremingerAnatomy of a Murder
28%
1959Millie PerkinsThe Diary of Anne Frank
28%
1953Richard BurtonThe Robe
28%
1959Audrey HepburnThe Nun's Story
27%
1950Spencer TracyFather of the Bride
24%
1953George StevensShane
24%
1954Humphrey BogartThe Caine Mutiny
24%
1955Henry FondaMister Roberts
21%
1955Jennifer JonesLove Is a Many-Splendored Thing
20%
1953Joseph L. MankiewiczJulius Caesar
19%
1952John HustonMoulin Rouge
19%
1952Elizabeth TaylorIvanhoe
18%
1955William HoldenPicnic
18%
1957Mark RobsonPeyton Place
17%
1951Mervyn LeRoyQuo Vadis
16%
1956William WylerFriendly Persuasion
14%
1954Stanley DonenSeven Brides for Seven Brothers
13%
1950Deborah KerrKing Solomon's Mines
12%
1958Morton DaCostaAuntie Mame
11%
1954Jean NegulescoThree Coins in the Fountain
11%
1951Anatole LitvakDecision Before Dawn
8%

Score Distribution

Percentile by Number Answered

Percent of People with Each Score

Your Score History

You have not taken this quiz